000 01198nam a2200289Ia 4500
999 _c54335
_d54335
001 21391
003 GE_BSU
005 20211104161637.0
008 181216s2017||||ge |||||||||||||| ||geo||
020 _a9789941260933
040 _cGE_BSU
041 _ageo
080 _a811.353.1'282 ფ-32
100 _aფაღავა, მამია
_912826
245 _aკლარჯული ჩანაწერები /
_cმამია ფაღავა ; რედ. შ. ზოიძე.
250 _aპირველი გამოცემა
260 _aთბილისი
260 _bუნივერსალი
260 _c2017
300 _a452 გვ. 20სმ.
541 _h20 ლ.
653 _aკლარჯული ჩანაწერები
653 _aსაველე ექსპედიციის შთაბეჭდილებები
700 _aზოიძე, შ.
_eრედაქტორი
_92577
710 _aბსუ
_bჰუმანიტარულ მეცნიერებათა ფაკულტეტი
_eქართველოლოგიის ცენტრი
_912827
942 _cBK
_2udc